000 00545nam a2200217Ia 4500
005 20251121230218.0
008 230125s9999 xx 000 0 und d
020 _a978-81-8495-803-4
041 _aeng
082 _a158.1
_bHAR
100 _aHartley M
_9215407
245 _aThe Power Of Listening
260 _c2017
_bJaico Publishing House
_aMumbai
300 _a122p
440 _v1
500 _aPersonality Development
650 _aPersonality Development
_9213420
700 _aHartley M
_9215407
906 _b27
942 _cBK
999 _c95934
_d95934